Electromagnetic Field Theory Fundamentals / (Record no. 10185)
[ view plain ]
| 000 -LEADER | |
|---|---|
| fixed length control field | 01383cam a2200337 a 4500 |
| 001 - CONTROL NUMBER | |
| control field | 13457362 |
| 005 - DATE AND TIME OF LATEST TRANSACTION | |
| control field | 20240818092900.0 |
| 008 - FIXED-LENGTH DATA ELEMENTS--GENERAL INFORMATION | |
| fixed length control field | 040114s2004 enka 001 0 eng |
| 010 ## - | |
| -- | 2004040753 |
| 020 ## - INTERNATIONAL STANDARD BOOK NUMBER | |
| International Standard Book Number | 0521830168 |
| 040 ## - CATALOGING SOURCE | |
| Original cataloging agency | DLC |
| Transcribing agency | DLC |
| Modifying agency | DLC |
| 050 00 - LIBRARY OF CONGRESS CALL NUMBER | |
| Classification number | QC665.E4 |
| Item number | G87 2004 |
| 082 00 - DEWEY DECIMAL CLASSIFICATION NUMBER | |
| Classification number | 530.141 |
| Edition number | 22 |
| Item number | GUR |
| 100 1# - MAIN ENTRY--PERSONAL NAME | |
| Personal name | Guru, Bhag S. |
| 9 (RLIN) | 9217 |
| 245 10 - TITLE STATEMENT | |
| Title | Electromagnetic Field Theory Fundamentals / |
| Statement of responsibility, etc | Bhag Singh Guru and Huseyin R. Hiziroglu |
| 250 ## - EDITION STATEMENT | |
| Edition statement | 2nd ed. |
| 260 ## - | |
| -- | Cambridge, UK ; |
| -- | New York : |
| -- | Cambridge University Press, |
| -- | c.2004. |
| 300 ## - PHYSICAL DESCRIPTION | |
| Extent | xv, 681 p. : |
| Other physical details | ill. ; |
| Dimensions | 26 cm. |
| 336 ## - CONTENT TYPE | |
| Source | rdacontent |
| Content type term | text |
| Content type code | txt |
| 337 ## - MEDIA TYPE | |
| Media type term | unmediated |
| Source | rdamedia |
| Media type code | n |
| 338 ## - CARRIER TYPE | |
| Carrier type term | volume |
| Carrier type code | nc |
| Source | rdacarrier |
| 500 ## - GENERAL NOTE | |
| General note | Includes index. |
| 500 ## - GENERAL NOTE | |
| General note | Distributer: Baccah. |
| 650 #0 - SUBJECT ADDED ENTRY--TOPICAL TERM | |
| Topical term or geographic name as entry element | Electromagnetic fields. |
| 9 (RLIN) | 9218 |
| 856 42 - ELECTRONIC LOCATION AND ACCESS | |
| Materials specified | Publisher description |
| Uniform Resource Identifier | <a href="http://www.loc.gov/catdir/description/cam041/2004040753.html">http://www.loc.gov/catdir/description/cam041/2004040753.html</a> |
| 856 41 - ELECTRONIC LOCATION AND ACCESS | |
| Materials specified | Table of contents |
| Uniform Resource Identifier | <a href="http://www.loc.gov/catdir/toc/cam041/2004040753.html">http://www.loc.gov/catdir/toc/cam041/2004040753.html</a> |
| 856 42 - ELECTRONIC LOCATION AND ACCESS | |
| Materials specified | Contributor biographical information |
| Uniform Resource Identifier | <a href="http://www.loc.gov/catdir/enhancements/fy0732/2004040753-b.html">http://www.loc.gov/catdir/enhancements/fy0732/2004040753-b.html</a> |
| 906 ## - LOCAL DATA ELEMENT F, LDF (RLIN) | |
| a | 7 |
| b | cbc |
| c | orignew |
| d | 1 |
| e | ocip |
| f | 20 |
| g | y-gencatlg |
| 942 ## - ADDED ENTRY ELEMENTS (KOHA) | |
| Source of classification or shelving scheme | Dewey Decimal Classification |
| Koha item type | Book - Borrowing |
| Classification part | RDA-MOD |
| Withdrawn status | Lost status | Source of classification or shelving scheme | Damaged status | Not for loan | Home library | Current library | Shelving location | Date acquired | Source of acquisition | Total Checkouts | Total Renewals | Full call number | Barcode | Date last seen | Date checked out | Price effective from | Koha item type | Collection code |
|---|---|---|---|---|---|---|---|---|---|---|---|---|---|---|---|---|---|---|
| Dewey Decimal Classification | Central Library | Central Library | First floor | 18/09/2008 | Purchase | 8 | 78 | 530.141 GUR | 000013837 | 15/07/2025 | 02/11/2019 | 18/09/2008 | Book - Borrowing | |||||
| Dewey Decimal Classification | Central Library | Central Library | First floor | 18/09/2008 | Purchase | 2 | 530.141 GUR | 000013881 | 15/07/2025 | 15/03/2010 | 18/09/2008 | NB - Book (Non borrowing) | ||||||
| Dewey Decimal Classification | Central Library | Central Library | First floor | 05/11/2009 | 10 | 57 | 530.141 GUR | 000018818 | 15/07/2025 | 10/03/2018 | 05/11/2009 | Book - Borrowing | Baccah | |||||
| Dewey Decimal Classification | Central Library | Central Library | First floor | 05/11/2009 | 14 | 48 | 530.141 GUR | 000018817 | 15/07/2025 | 29/04/2015 | 05/11/2009 | Book - Borrowing | Baccah | |||||
| Dewey Decimal Classification | Central Library | Central Library | First floor | 05/11/2009 | 8 | 136 | 530.141 GUR | 000018879 | 15/07/2025 | 01/10/2017 | 05/11/2009 | Book - Borrowing | Baccah |